Obálka Náhled e-knihy:
PDF Epub
Pro půjčování e-knih musíte být přihlášeni.
Jak si půjčit online?

Čarodějka /

Fantasy román, který inspiroval světoznámý muzikál, se zabývá tématem zla, společenské nerovnosti a rolí propagandy v politice.

Uloženo v:
Série:Čarodějka, část 2
Hlavní autor: Maguire, Gregory, 1954- (Autor)
Další autoři: Doová, Anh Phuong, 1999- (Autor)
Médium: E-kniha
Jazyk:Czech
Vydáno: Praha : CooBoo, 2025
Vydání:1. vydání
Témata:
Příbuzné jednotky:Z cyklu:: Čarodějka
Tagy:
Žádné tagy
LEADER 02822nam a2200541 i 4500
001 312862
003 CZ PrSKC
005 20260601215730.0
007 ta
008 251103s2025 xr d 000 f cze
015 |a cnb003716601 
020 |a 9788026740735  |q (brožováno) :  |c Kč 499,00 
035 |a (OCoLC)1559932552 
040 |a ABG001  |b cze  |e rda 
041 1 |a cze  |h eng 
072 7 |a 821.111(73)-3  |x Americká próza  |2 Konspekt 
072 7 |a 821-93  |x Literatura pro děti a mládež (beletrie)  |2 Konspekt 
080 |a 821.111(73)-31  |2 MRF 
080 |a 821-93-053.67  |2 MRF 
080 |a 821-93  |2 MRF 
080 |a (0:82-312.9)  |2 MRF 
100 1 |a Maguire, Gregory,  |d 1954-  |7 mzk2011672695  |4 aut 
240 1 0 |a Wicked.  |l Česky 
245 1 0 |a Čarodějka /  |c Gregory Maguire ; přeložila Anh Phuong Doová 
250 |a 1. vydání 
264 1 |a Praha :  |b CooBoo,  |c 2025 
300 |a 516 stran ;  |c 20 cm 
336 |a text  |b txt  |2 rdacontent 
337 |a bez média  |b n  |2 rdamedia 
338 |a svazek  |b nc  |2 rdacarrier 
500 |a Přeloženo z angličtiny 
520 2 |a Fantasy román, který inspiroval světoznámý muzikál, se zabývá tématem zla, společenské nerovnosti a rolí propagandy v politice.  |b To, že Dorotka zvítězila nad Zlou čarodějnicí ze Západu, je pouze část celého příběhu. Kde se vzala její úhlavní nepřítelkyně, záhadná čarodějka? Proč je tak hrozivá? A jaká je pravá povaha zla? Vydejte se do země, kde zvířata mluví a touží po uznání, Plecháč se stane obětí domácího násilí a jedna malá holčička se zelenou pletí jménem Elfaba vyroste v nechvalně proslulou čarodějnici. Kdo je taky nakonec skutečný padouch - ten, koho k tomu svět dotlačil, nebo ten, kdo má moc určovat, co je správné? Nakladatelská anotace. 
655 7 |a americké romány  |7 fd131796  |2 czenas 
655 7 |a fantasy romány  |7 fd184199  |2 czenas 
655 7 |a literatura young adult  |7 fd1185572  |2 czenas 
655 7 |a publikace pro mládež  |7 fd133157  |2 czenas 
655 9 |a American fiction  |2 eczenas 
655 9 |a fantasy novels  |2 eczenas 
655 9 |a young adult literature  |2 eczenas 
655 9 |a juvenile literature  |2 eczenas 
700 1 |a Doová, Anh Phuong,  |d 1999-  |7 xx0307951  |4 trl 
787 0 8 |i Z cyklu:  |t Čarodějka  |g 2 
900 |a ABA001  |b 20 
928 9 |a Albatros Media - CooBoo 
044 |a xr 
910 |a RBIT002 
998 |d 423465  |a https://core.palmknihy.cz/api/books/423465/cover?t52j8q  |b https://core.palmknihy.cz/api/books/423465/cover/400?t52j8q  |c https://core.palmknihy.cz/api/books/423465/cover/50?t52j8q  |e 2029-11-20  |g 520  |i 9788026740735  |j https://core.palmknihy.cz/api/books/423465/preview.epub  |k https://core.palmknihy.cz/api/books/423465/preview.pdf  |l   |q 49  |r 1  |s https://www.palmknihy.cz/kniha/423465  |t ebook  |y 2025  |z 0 
999 |d 312860